书目信息 |
| 题名: |
16、35毫米电影放映机通用易损件和主要配件册
|
|
| 作者: | 临夏电影机械研究所 编 | |
| 分册: | ||
| 出版信息: | 北京 技术标准出版社 1979.01 |
|
| 页数: | 115页 | |
| 开本: | 18cm | |
| 丛书名: | ||
| 单 册: | ||
| 中图分类: | TB857 | |
| 科图分类: | ||
| 主题词: | 摄影--机具 , 摄影--设备 | |
| 电子资源: | ||
| ISBN: | ||
| 000 | 00705nam0 2200217 45 | |
| 001 | 0405210855 | |
| 005 | 20040521083307.4 | |
| 010 | @dCNY0.45 | |
| 091 | @a15169.3-90 | |
| 100 | @a20040521d1979 km y0chiy0120 ea | |
| 101 | 0 | @achi |
| 105 | @a z 000yy | |
| 200 | 1 | @a16、35毫米电影放映机通用易损件和主要配件册@A16、35 Hao Mi Dian Ying Fang Ying Ji Tong Yong Yi Sun Jian He Zhu Yao Pei Jian Ce@f临夏电影机械研究所编@FLin Xia Dian Ying Ji Xie Yan Jiu Suo Bian |
| 210 | @a北京@c技术标准出版社@d1979.01 | |
| 215 | @a115页@d18cm | |
| 606 | 0 | @a摄影@x机具 |
| 606 | 0 | @a摄影@x设备 |
| 690 | @aTB857@v3 | |
| 701 | 0 | @a临夏电影机械研究所@4编 |
| 801 | @aCN@bPftUser@c20040521 | |
| 905 | @f1@b13105@dTB857@e79 | |
| 16、35毫米电影放映机通用易损件和主要配件册/临夏电影机械研究所编.-北京:技术标准出版社,1979.01 |
| 115页;18cm |
| ISBN :CNY0.45 |
| ● |
| 相关链接 |
|
|
|
|
正题名:16、35毫米电影放映机通用易损件和主要配件册
索取号:TB857/79
 
预约/预借
| 序号 | 登录号 | 条形码 | 馆藏地/架位号 | 状态 | 备注 |
| 1 | 0013105 | 001697319 | 密集书库/ [索取号:TB857/79] | 在馆 | |
| 2 | 0013106 | 001359639 | 第二样本阅览室/ [索取号:TB857/79] | 在馆 |